| 000 | 02356cam a2200277 i 4500 | ||
|---|---|---|---|
| 001 | 991027142538607026 | ||
| 003 | UkOxU | ||
| 005 | 20251013143549.0 | ||
| 008 | 241108s2025 enk 000 f eng d | ||
| 020 |
_a9780008685737 _qhardback |
||
| 020 |
_a0008685738 _qhardback |
||
| 020 |
_a9780008685744 _qpaperback |
||
| 035 |
_a(OCoLC)1481893071 _z(OCoLC)1481893694 |
||
| 035 | _a(OCoLC)on1481893071 | ||
| 040 |
_aUKYRK _beng _erda _cUKYRK _dUkOxU |
||
| 072 | 7 |
_aGNR _2ukslc |
|
| 100 |
_aAdichie, Chimamanda Ngozi, _d1977- _eauthor. |
||
| 245 | 1 | 0 |
_aDream count _c/ Chimamanda Ngozi Adichie. |
| 264 | 1 |
_aLondon : _b4th Estate, _c2025. |
|
| 300 |
_a399 pages ; _c25 cm |
||
| 520 | 8 | _aA publishing event ten years in the making—a searing, exquisite new novel by the best-selling and award-winning author of Americanah and We Should All Be Feminists—the story of four women and their loves, longings, and desires. Chiamaka is a Nigerian travel writer living in America. Alone in the midst of the pandemic, she recalls her past lovers and grapples with her choices and regrets. Zikora, her best friend, is a lawyer who has been successful at everything until — betrayed and brokenhearted — she must turn to the person she thought she needed least. Omelogor, Chiamaka’s bold, outspoken cousin, is a financial powerhouse in Nigeria who begins to question how well she knows herself. And Kadiatou, Chiamaka’s housekeeper, is proudly raising her daughter in America – but faces an unthinkable hardship that threatens all she has worked to achieve. In Dream Count, Adichie trains her fierce eye on these women in a sparkling, transcendent novel that takes up the very nature of love itself. Is true happiness ever attainable or is it just a fleeting state? And how honest must we be with ourselves in order to love, and to be loved? A trenchant reflection on the choices we make and those made for us, on daughters and mothers, on our interconnected world, Dream Count pulses with emotional urgency and poignant, unflinching observations on the human heart, in language that soars with beauty and power. It confirms Adichie’s status as one of the most exciting and dynamic writers on the literary landscape. | |
| 650 | 0 |
_aSingle mothers _vFiction _925097 |
|
| 650 | 0 |
_aSingle mothers _vFiction _925097 |
|
| 655 | 0 |
_aFiction _922716 |
|
| 942 | _2lcc | ||
| 999 |
_c4616 _d4616 |
||